Library Banner

Prealgebra (Record no. 13509)

MARC details
000 -LEADER
fixed length control field 00467nam a2200193Ia 4500
001 - CONTROL NUMBER
control field 12767
008 - FIXED-LENGTH DATA ELEMENTS--GENERAL INFORMATION
fixed length control field 140401s9999 xx 000 0 und d
020 ## - INTERNATIONAL STANDARD BOOK NUMBER
International Standard Book Number 0-534-34326-0
040 ## - CATALOGING SOURCE
Transcribing agency PK-LaUMT
082 ## - DEWEY DECIMAL CLASSIFICATION NUMBER
Classification number 513.14
Item number TUS-P
100 ## - MAIN ENTRY--PERSONAL NAME
Personal name Gustafoson, R. David, J.T.
245 ## - TITLE STATEMENT
Title Prealgebra
Statement of responsibility, etc Gustafoson, R. David, J.T.<>Tussy, Alan s.
260 ## - PUBLICATION, DISTRIBUTION, ETC. (IMPRINT)
Date of publication, distribution, etc 1997
300 ## - PHYSICAL DESCRIPTION
Extent 560 p.
546 ## - LANGUAGE NOTE
Language note EN
650 ## - SUBJECT ADDED ENTRY--TOPICAL TERM
Topical term or geographic name as entry element Mathematics
700 ## - ADDED ENTRY--PERSONAL NAME
Personal name Tussy, Alan s.
942 ## - ADDED ENTRY ELEMENTS (KOHA)
Koha item type Books
Holdings
Withdrawn status Lost status Damaged status Not for loan Home library Current library Date acquired Total Checkouts Full call number Barcode Date last seen Price effective from Koha item type
        UMT Main Campus UMT Main Campus 2014-04-01   513.14 TUS-P 14714 2014-04-21 2014-04-21 Books